01899cam a22004814i 4500003000900000005001700009008004100026020001500067035002700082040003300109049000900142082001700151100003000168245004900198264005500247300003900302336002100341337002500362338002300387490002200410505031000432526001000742526001000752526001000762526001000772526000800782526000800790526000800798526000800806526000800814526000800822526000800830650003000838650001600868910002800884942001400912949012000926994001401046596000601060999014401066980005501210952015201265PE-LiUPU20250731172741.0150617s                r     000 0     d  a8422010259  a(Sirsi) i9788422010258  aPE-LiUPUbspacPE-LiUPUerda  aPRUA04a239bM772211 aMondin, Battista,eautor.10aTeologías de la praxis /cBattista Mondin. 1aMadrid :bBiblioteca de Autores Cristianos,c1981.  a194 páginas ;c19 centímetros.  atext2rdacontent  aunmediated2rdamedia  avolume2rdacarrier0 aBAC popular ;v390 aEl origen de las teologías de las praxis -- Teología de la cultura -- Teología del trabajo -- Teología del juego -- Teología del progreso -- Teología política -- Teología de la revolución -- Teología de la liberación -- Relaciones entre iglesia y mundo, entre ortodoxia y ortopraxis.  aSEG42  aSEG41  aSEG40  aSEG39  aP94  aP87  aP86  aP85  aP77  aP76  aP3504aIglesia y civilización.04aTeología.  ajckbjvqcjckd20150616  2ddccBOOK  a239 M77wDEWEYc1i21518lCCODEBUL1mBULr0sYtBOOKu2015-6-17xTEOLOGIAPP350COMPRAo.STAFF. Colección general  aC0bPEPRU  a1  a239 M77wDEWEYc2170i21518f2021-11-10g5lCCODEBUL1mBULr0sYtBOOKu2015-6-17xTEOLOGIAPP350COMPRAo.STAFF. Colección generald2170  81gALBERTO SANCHEZ Responsable de Automatización  r2025-12-03 00:00:00i6l0o239 M77p21518te1w2015-06-17xFTyBKzinventario-2023-12-13102ddc50708GENfP35aBULbBULcGENd2015-06-17eCOMPRA